Comunicazione nella storia (La)-5-Lo sviluppo del pensiero e leForme del comunicare (Record n. 67846)
[ formato base ]
| 000 -LEADER | |
|---|---|
| fixed length control field | 01369nam a2200325Ia 4500 |
| 001 - CONTROL NUMBER | |
| control field | A6558 |
| 003 - CONTROL NUMBER IDENTIFIER | |
| control field | IT-RoPAU |
| 008 - FIXED-LENGTH DATA ELEMENTS--GENERAL INFORMATION | |
| fixed length control field | 130308s9999 xx 000 0 und d |
| 040 ## - CATALOGING SOURCE | |
| Original cataloging agency | IT-RoPAU |
| 040 ## - CATALOGING SOURCE | |
| Transcribing agency | IT-RoPAU |
| 041 ## - LANGUAGE CODE | |
| Language code of text/sound track or separate title | ITALIANO |
| 999 ## - SYSTEM CONTROL NUMBERS (KOHA) | |
| Koha Dewey Subclass [OBSOLETE] | SI |
| 100 ## - MAIN ENTRY--PERSONAL NAME | |
| Personal name | AA.VV. |
| 100 ## - MAIN ENTRY--PERSONAL NAME | |
| Miscellaneous information | Codice Aut. SPICS: 12000 |
| 245 ## - TITLE STATEMENT | |
| Title | Comunicazione nella storia (La)-5-Lo sviluppo del pensiero e leForme del comunicare |
| 245 ## - TITLE STATEMENT | |
| Remainder of title | Comunicazione nella storia (La)-5-Lo Sviluppo del pensiero e le forme del Comunicare |
| 250 ## - EDITION STATEMENT | |
| Edition statement | 1a ed. |
| 260 ## - PUBLICATION, DISTRIBUTION, ETC. (IMPRINT) | |
| Place of publication, distribution, etc. | TORINO |
| 260 ## - PUBLICATION, DISTRIBUTION, ETC. (IMPRINT) | |
| Name of publisher, distributor, etc. | Seat - Stet |
| 260 ## - PUBLICATION, DISTRIBUTION, ETC. (IMPRINT) | |
| Date of publication, distribution, etc. | 1993 [1° Ed.:1993 - Ed.Ling.Originale:1993] |
| 300 ## - PHYSICAL DESCRIPTION | |
| Extent | "264 p. (prefazione: 8; testo: 256 [pagine: 0-0])" |
| 500 ## - GENERAL NOTE | |
| General note | "Tomo Secondo del Secondo Volume della collana ""La Comunicazione nella Storia"". Sviluppo del pensiero e Forma del comunicare nel Rinascimento e nell'Età dei Lumi. tomo Formato da Due Saggi: I. Di Peter Burke Sulla Costruzione dell'uomo Nuovo nel Rinascimento; 2. Di Pierre Fougeyrollas Sulla conquista dei Diritti dell'uomo nell'Età dei Lumi. indice Analitico dei Nomi e dei luoghi dei Quali si Tratta nel testo ." |
| 650 ## - SUBJECT ADDED ENTRY--TOPICAL TERM | |
| Topical term or geographic name as entry element | STORIA DELLA COMUNICAZIONE SOCIALE |
| 650 ## - SUBJECT ADDED ENTRY--TOPICAL TERM | |
| Relator term | Codice materia Spics: 3808 |
| 700 ## - ADDED ENTRY--PERSONAL NAME | |
| Personal name | Lorenzini Amleto |
| 700 ## - ADDED ENTRY--PERSONAL NAME | |
| Miscellaneous information | Codice Aut. SPICS: 14657 |
| 942 ## - ADDED ENTRY ELEMENTS (KOHA) | |
| Koha item type | LIBRO |
| 957 ## - | |
| -- | 1 |
| 999 ## - SYSTEM CONTROL NUMBERS (KOHA) | |
| -- | 1 |
| Withdrawn status | Lost status | Damaged status | Not for loan | Home library | Current library | Date acquired | Total Checkouts | Full call number | Date last seen | Price effective from | Koha item type | Public note |
|---|---|---|---|---|---|---|---|---|---|---|---|---|
| Buone Condizioni | Not For Loan | SPICS-MEDIATECA | SPICS-MEDIATECA | 08/03/2013 | A6558 | 08/03/2013 | 08/03/2013 | LIBRO | Progressivo inserimento: 17400 / N. Volumi: 1 Copie: 1 Copia Rara: SI / data import: 1 marzo 2013 - By Epidotti, Trombetti, Vaglietti. |